| 000 | 01157nam a22002897a 4500 | ||
|---|---|---|---|
| 005 | 20110201162643.0 | ||
| 008 | 110127t xxu||||| |||| 00| 0 hin d | ||
| 010 | _aHIN-91724 | ||
| 020 |
_c75.00 _a9788179876923 |
||
| 035 | _aHN-64070 | ||
| 037 | _bDBAD / PUB | ||
| 040 |
_aDPL _bHN |
||
| 082 | _a827 | ||
| 100 |
_925632 _aमिश्र, अनिल कुमार |
||
| 245 |
_aज्ञानी पांडेय / _cअनिल कुमार मिश्र |
||
| 246 |
_aGyani panday _bby Anil kumar mishra |
||
| 260 |
_aनई दिल्ली _bविश्व विजय _c2010 |
||
| 270 |
_aएम-12, कनाट सर्कस _bनई दिल्ली _e110001 _k91-011-23416313, 91-011-41517890 |
||
| 300 | 2 |
_a191पृ. _c22सेमी (अजिल्द) |
|
| 650 |
_9657 _aव्यंग्य, हिन्दी |
||
| 650 |
_aHindi Sarcasm _925706 |
||
| 650 | _925656 | ||
| 700 | _925634 | ||
| 700 | _925670 | ||
| 942 |
_2ddc _cHN _h827 _mमिश्रअ |
||
| 999 |
_c50289 _d50289 |
||